000
00266nam a22001217a 4500
008
170130b xxu||||| |||| 00| 0 eng d
041
_a
eng
080
_a
61
100
_a
3
101
_a
SHMI
245
_a
PRION BIOLOGY AND DISEASES
_c
PRUSINER, S.B
942
_2
udc
_c
BK
999
_c
3981
_d
3981